000 00593cam a2200205 4500500
005 20260329003210.0
041 _afre
042 _adc
100 1 0 _aN’Diaye, Aïda
_eauthor
245 0 0 _aSartre. Un rationaliste romantique
260 _c2015.
500 _a65
690 _aIris Murdoch
690 _aRationalisme
690 _aroman
690 _aRomantisme
690 _aSartre
786 0 _nPhilosophie magazine | 86 | 2 | 2015-02-01 | p. 60-60 | 1951-1787
856 4 1 _uhttps://shs.cairn.info/magazine-philosophie-magazine-2015-2-page-60?lang=fr&redirect-ssocas=7080
999 _c1822310
_d1822310